• 首页
  • 本馆介绍
  • 公告通知
  • 最新文献
  • 馆藏检索
  • 电子资源
  • 读者导购
  • 参考咨询
  • 我的图书馆
  • 登录
  • 详细信息显示
  • 放入我的书架
  • 预约/预借图书
  • 作者相关作品
  • 分类相关作品
  • 丛书相关作品
  • 出版社相关作品

书目信息

  • 表格格式
  • 工作单格式
  • 卡片格式
题名:
显象管
    
 
作者: 邹家祥 著
分册:  
出版信息: 北京   人民邮电出版社  1982
页数: 131页
开本: 19cm
丛书名:
单 册:
中图分类: TN141.3
科图分类:
主题词: 显像管
电子资源:
ISBN:
000 00605nam0 2200229 45
001 0182006558
005 20060511145123.35
010    @dCNY0.38
091    @a15045.总2607-无6192
100    @a19950622d1982 em y0chiy0121 ea
101 0  @achi
102    @aCN@b110000
105    @ay z 000yy
200 10 @a显象管@Axian xiang guan@f邹家祥著@Fzou jia xiang zhu
210    @a北京@c人民邮电出版社@d1982
215    @a131页@d19cm
606    @a显像管
690    @aTN141.3@v3 
701  0 @a邹家祥@Azou jia xiang@4著
801  2 @aCN@bNLC@c20060511
801  0 @aCN@b上海图书馆@c20040520
905    @dTN141.3@e8
    
    显象管/邹家祥著.-北京:人民邮电出版社,1982
    131页;19cm
    
    
    ISBN :CNY0.38
    
●
相关链接 在E读中查询图书 在五车中查询图书 在当当中查询图书 在豆瓣中查询图书


正题名:显象管     索取号:TN141.3/8         预约/预借

序号 登录号 条形码 馆藏地/架位号 状态 备注
1 0148841   001349865   密集书库/ [索取号:TN141.3/8] 在馆    
2 0148842   001349829   第三借阅区/ [索取号:TN141.3/8] 在馆    
3 0148843   000701397   密集书库/ [索取号:TN141.3/8] 在馆    
4 0148844   000701404   密集书库/ [索取号:TN141.3/8] 在馆    
5 0148845   001349909   第二样本阅览室/ [索取号:TN141.3/8] 在馆    
6 0158983   000701351   密集书库/ [索取号:TN141.3/8] 在馆    
7 0158984   001349945   密集书库/ [索取号:TN141.3/8] 在馆    
8 0158985   001349981   第三借阅区/ [索取号:TN141.3/8] 在馆    
唐山师范学院图书馆 欢迎您!
大连网信软件有限公司© 版权所有